Konverzia bývalého areálu OLO, Bazová ulica, Bratislava

Enregistré dans:
Détails bibliographiques
Auteur principal: Balaž, Tibor (Auteur)
Autres auteurs: Polakovič, Štefan (Directeur de thèse)
Format: Manuscrit Livre
Langue:slovaque
Publié: Bratislava 2023
Sujets:
Accès en ligne:http://is.stuba.sk/zp/portal_zp.pl?podrobnosti=171443
Tags: Ajouter un tag
Pas de tags, Soyez le premier à ajouter un tag!

MARC

LEADER 00000ntm a22000003a 4500
001 stuzp94461
003 SK-STU
005 20231009072346.5
007 ta
008 150427s2015----xo-----f-mn---000-0-slo-d
040 |a STU  |b slo 
041 0 |a slo 
100 1 |a Balaž, Tibor  |u 058180  |4 aut  |U FAD Fakulta architektúry a dizajnu  |T FAD Ústav architektúry občianskych budov  |X 93644  |U A8180  |Y 399  |7 93644 
242 0 1 |a Conversion of the former OLO premises, Bazová street, Bratislava  |y eng 
245 1 0 |a Konverzia bývalého areálu OLO, Bazová ulica, Bratislava 
260 |c 2023  |a Bratislava 
650 4 |a konverzia  |2 slo 
650 4 |a revitalizácia  |2 slo 
650 4 |a brownfield  |2 slo 
650 4 |a multifunkcia  |2 slo 
650 4 |a mestský dvor  |2 slo 
650 4 |a conversion  |2 eng 
650 4 |a revitalisation  |2 eng 
650 4 |a multipurpose  |2 eng 
650 4 |a brownfield  |2 eng 
650 4 |a city courtyard  |2 eng 
700 1 |a Polakovič, Štefan  |u 058180  |k Z8  |4 ths  |U FAD Fakulta architektúry a dizajnu  |T FAD Ústav architektúry občianskych budov  |X 70902  |U A8180  |Y 399  |7 A000070902 
856 4 |u http://is.stuba.sk/zp/portal_zp.pl?podrobnosti=171443  |u https://opac.crzp.sk/?fn=detailBiblioForm&sid=1755732D0F093F4379A632EAC795